Factories act centenary commemoration volume (Record no. 496142)

000 -LEADER
fixed length control field 00432cam a22001097a 4500
008 - FIXED-LENGTH DATA ELEMENTS--GENERAL INFORMATION
fixed length control field 180718b1982 xxu||||| |||| 00| 0 eng d
082 ## - DEWEY DECIMAL CLASSIFICATION NUMBER
Classification number R603x5442 M278/1881-1981
245 ## - TITLE STATEMENT
Title Factories act centenary commemoration volume
Statement of responsibility, etc. by Directorate General of Information and Public Relations
260 ## - PUBLICATION, DISTRIBUTION, ETC.
Place of publication, distribution, etc. Bombay
Name of publisher, distributor, etc. Government Central Press
Date of publication, distribution, etc. 1982
300 ## - PHYSICAL DESCRIPTION
Extent 139p
700 ## - ADDED ENTRY--PERSONAL NAME
Personal name Maharashtra. Directorate General of Information and Public Relations
Holdings
Withdrawn status Lost status Damaged status Not for loan Permanent Location Current Location Date acquired Full call number Barcode Date last seen Price effective from Koha item type
        Indian Institute of Public Administration Indian Institute of Public Administration 2018-08-04 R603x5442 M278/1881-1981 GG19366 2018-08-04 2018-08-04 GG

Powered by Koha